| 000 | 00590nam a2200157 a 4500 | ||
|---|---|---|---|
| 008 | 120416s1960 ||||||||||||||||| || u | ||
| 050 | _aJF 51 Pol | ||
| 100 | _aColeman, James S | ||
| 245 | 1 | 4 |
_aThe politics of the developing areas _cedited by James S. Coleman |
| 260 |
_aPrinceton, N.J. _bUniversity press _c1960 |
||
| 300 | _axii, 591p. : ill | ||
| 350 | _a0.00 | ||
| 650 | _aPOLITICS--DEVELOPING COUNTRIES | ||
| 650 | _aPOLITICS | ||
| 995 |
_D0.00 _FCBU-MAIN LIBRARY (Kitwe) _H1 _I0.00 _M1 _UAVAILABLE _ZMain Library Open Access Collection |
||
| 999 |
_c53961 _d53961 |
||